| 000 | 00997nam a22003254i 4500 | ||
|---|---|---|---|
| 999 |
_c64416 _d64416 |
||
| 001 | 4530089 | ||
| 003 | CO-MdFUSB | ||
| 005 | 20180822063045.0 | ||
| 008 | 790405s1959 miu b 000 0 eng | ||
| 010 | _a 59008752 | ||
| 020 | _a085111606X | ||
| 040 |
_aDLC _dDLC _bspa _cCO-MdFUSB _erda |
||
| 041 | _aeng | ||
| 082 | 0 | 0 |
_a226.607 _223 _bB634 |
| 100 | 1 |
_aBlaiklock, E. M. _eautor |
|
| 245 | 1 | 4 |
_aThe Acts of the Apostles _b: an historical commentary. _c/ E. M. Blaiklock |
| 250 | _a[1st ed.] | ||
| 264 | 1 |
_aLeicester, Inglaterra : _bInter-Varsiry Press, _c℗[1959] |
|
| 264 | 4 | _c©1959 | |
| 300 |
_a197 páginas ; _c21 cm. |
||
| 336 |
_2rdacontent _atexto _btxt |
||
| 337 |
_2rdamedia _asin mediación _bn |
||
| 338 |
_2rdacarrier _avolumen _bnc |
||
| 490 | 1 | _aThe Tyndale New Testament commentaries | |
| 630 | 0 | 7 |
_aBiblia. _pHechos |
| 830 | _aThe Tyndale New Testament commentaries | ||
| 906 |
_a7 _bcbc _corignew _du _eocip _f19 _gy-gencatlg |
||
| 942 | _cBK | ||